000 00489nam a22001817a 4500
005 20250215065623.0
008 250215b |||||||| |||| 00| 0 eng d
040 _aIN-DiNC
_cIN-DiNC
041 _dasm
082 _a920
_bGOH
100 _aGohain, Hiren
_eauthor
245 _aIman tita sagarar pani/
_cby Hiren Gohain
250 _a1st ed.
260 _aGuwahati:
_bHiren Gohain,
_c2011.
300 _a272p.
650 _aFourth part of autobiography by Hiren Gohain
942 _2ddc
_cBK
999 _c12035
_d12035